000 00746nam a22001817a 4500
003 BD-DhUL
005 20230516120743.0
008 161030s ii |||| |||| 000 0 ben d
040 _aBD-DhUL
_cBD-DhUL
082 _a891.4435
_bSHS
100 0 0 _aশরৎচন্দ্র চট্টোপাধ্যায়
245 1 _aশরৎ-সাহিত্য-সংগ্রহ :
_bখণ্ড ৭ /
_cশরৎচন্দ্র চট্টোপাধ্যায়
260 _aকলিকাতা :
_bশরৎ-স্মৃতি মন্দির,
_c০০০০।
300 _aখন্ড : ৭
_c২৩ সে.মি.
650 _aবাংলা সাহিত্য।
650 _aBangla Literature.
942 _2ddc
_cBK
999 _c258361
_d258361